| 000 | 00467nam a22001577a 4500 | ||
|---|---|---|---|
| 008 | 160512b xxu||||| |||| 00| 0 spa d | ||
| 020 | _a987-526-283-8 | ||
| 082 | 1 | 0 |
_221 _a005.133 |
| 100 | 1 |
_93565 _aRuiz, Diego |
|
| 245 | 1 | 0 |
_aC # : _bla guía total del programador. / _cDiego Ruiz. |
| 260 |
_aBuenos Aires : _bMP Ediciones, _c2005 |
||
| 300 | _a390 p. | ||
| 650 | 1 | 0 |
_92657 _aLENGUAJE DE PROGRAMACION |
| 942 |
_2ddc _cLIBRO |
||
| 980 |
_81943 _gVALERIA BEATRIZ DOMÍNGUEZ |
||
| 999 |
_c3060 _d3060 |
||